000 00438nam a2200181Ia 4500
001 4245
005 20260306145741.0
008 260306t1998||||xx |||||||||||||| ||spa||
041 _aESP
082 _a320.092
_bF52
100 _aFinnis, John
_eAUT
245 0 _aAquinas:
_bmoral, political, and legal theory
260 _c1998
300 _axxi, 385 páginas :
_c24 cm.
650 _aGEN
654 _aCDE
942 _cLIB
_dJUS
_fJUS
_2ddc
_n
999 _c4245
_d4245